[Event "Spiltan Fonder IM 2007"]
[Site "?"]
[Date "2007.08.11"]
[Round "?"]
[White "Åkesson, Joel"]
[Black "Svensson, Bengt"]
[Result "1/2-1/2"]
[WhiteElo "2332"]
[BlackElo "2386"]
[PlyCount "61"]
[EventDate "2007.08.11"]
[SourceDate "2007.08.11"]

1. d4 d5 2. Nf3 Nf6 3. c4 c6 4. e3 Bg4 5. h3 Bxf3 6. Qxf3 Nbd7 7. Nc3 e6 8. Bd3
Bd6 9. O-O O-O 10. Bd2 Re8 11. Qd1 Qe7 12. c5 Bc7 13. f4 Ba5 14. Qc2 b6 15.
cxb6 axb6 16. a3 c5 17. Be1 c4 18. Be2 Bxc3 19. Bxc3 Ne4 20. Bb4 Qh4 21. Bf3 f5
22. b3 Rec8 23. Rfc1 h6 24. bxc4 Rxc4 25. Qe2 Rac8 26. Rxc4 Rxc4 27. Qe1 Qd8
28. Be2 Rc7 29. a4 Qc8 30. Bd3 Ndf6 31. a5 1/2-1/2

[Event "Spiltan Fonder IM 2007"]
[Site "?"]
[Date "2007.08.11"]
[Round "1"]
[White "Moberg, Karl Johan"]
[Black "Vas, Peter"]
[Result "0-1"]
[WhiteElo "2331"]
[BlackElo "2138"]
[Annotator "Manhem,Schacksällskapet"]
[PlyCount "74"]
[EventDate "2007.08.11"]
[SourceDate "2007.08.11"]

1. d4 d5 2. c4 c6 3. Nf3 Nf6 4. e3 Bf5 5. cxd5 cxd5 6. Qb3 Qc7 7. Bd2 e6 8.
Bb5+ Nbd7 9. O-O Bd6 10. Bb4 O-O 11. Nc3 a6 12. Bxd7 Nxd7 13. Rfc1 Qb6 14. Bxd6
Qxd6 15. Na4 Rab8 16. Rc3 Rfc8 17. Rac1 Qf8 18. Nb6 Nxb6 19. Qxb6 Qe8 20. h3
Be4 21. Nd2 Bd3 22. Nb3 Bb5 23. Rxc8 Rxc8 24. Rxc8 Qxc8 25. Nc5 Bc6 26. b4 Kf8
27. a4 Qe8 28. Qc7 Bxa4 29. Nxb7 Qd7 30. Qb8+ Ke7 31. Nc5 Qb5 32. Qc7+ Kf6 33.
Qe5+ Kg6 34. Nxe6 fxe6 35. Qxe6+ Kh5 36. g4+ Kh4 37. Qe5 g6 {
White forfeits on time.} 0-1

[Event "Spiltan Fonder IM 2007"]
[Site "?"]
[Date "2007.08.11"]
[Round "1"]
[White "Krivonosov, Oleg"]
[Black "Nithander, Victor"]
[Result "1-0"]
[WhiteElo "2437"]
[BlackElo "2350"]
[PlyCount "93"]
[EventDate "2007.08.11"]
[SourceDate "2007.08.11"]

1. Nf3 g6 2. d4 Nf6 3. c4 Bg7 4. g3 O-O 5. Bg2 d6 6. O-O Nbd7 7. Nc3 e5 8. e4
a6 9. Qc2 exd4 10. Nxd4 Rb8 11. a4 a5 12. Rd1 c6 13. Bf4 Ne8 14. h3 Qb6 15. Nb3
Nc5 16. Nxc5 Qxc5 17. b3 g5 18. Be3 Qe5 19. Bd4 Qe7 20. Qd2 Be6 21. Bxg7 Kxg7
22. Ne2 Ra8 23. Nd4 h6 24. Rac1 Qf6 25. Rc3 Nc7 26. Rf3 Qe7 27. Nf5+ Bxf5 28.
Rxf5 Ne6 29. Rxa5 Rxa5 30. Qxa5 c5 31. Rd5 Nd4 32. Qc3 f6 33. Qd3 b6 34. Bf3
Re8 35. Kg2 Rd8 36. Bg4 Qf7 37. Bf5 Kh8 38. Rxd4 cxd4 39. Qxd4 Rb8 40. Qxd6 Qf8
41. Qc7 Qg8 42. e5 Rf8 43. Qxb6 Qg7 44. e6 Qe7 45. a5 Ra8 46. Be4 Ra7 47. a6
1-0

[Event "Spiltan Fonder IM 2007"]
[Site "?"]
[Date "2007.08.11"]
[Round "1"]
[White "Ask, Josef"]
[Black "Zimmerman, Julian"]
[Result "0-1"]
[WhiteElo "2211"]
[BlackElo "2327"]
[PlyCount "64"]
[EventDate "2007.08.11"]
[SourceDate "2007.08.11"]

1. d4 Nf6 2. Nf3 c5 3. c3 d5 4. e3 Nc6 5. Nbd2 cxd4 6. cxd4 Bf5 7. Bb5 Qb6 8.
Qa4 Rc8 9. Ne5 e6 10. Bd3 Bd6 11. Bxf5 exf5 12. Nd3 O-O 13. O-O Rfe8 14. Nb3
Qd8 15. g3 Ne4 16. Qb5 Qg5 17. Kg2 Ne7 18. Nf4 Ng6 19. Nxg6 Qxg6 20. Nd2 h5 21.
Nf3 Qe6 22. Qd3 h4 23. Nxh4 g5 24. Nf3 Kg7 25. Rh1 g4 26. Ng1 Rc6 27. Ne2 Qh6
28. h4 gxh3+ 29. Kf1 Qh5 30. Ng1 Rec8 31. Bd2 h2 32. Ne2 Qh3+ 0-1

[Event "Spiltan Fonder IM 2007"]
[Site "?"]
[Date "2007.08.12"]
[Round "2"]
[White "Vovk, Ilja"]
[Black "Ask, Josef"]
[Result "1-0"]
[WhiteElo "2304"]
[BlackElo "2211"]
[PlyCount "43"]
[EventDate "2007.08.11"]
[SourceDate "2007.08.11"]

1. e4 e5 2. Nf3 Nc6 3. Nc3 Nf6 4. d4 exd4 5. Nxd4 Bb4 6. Nxc6 bxc6 7. Bd3 O-O
8. O-O d5 9. exd5 cxd5 10. Bg5 c6 11. Qf3 Be7 12. Rfe1 h6 13. Bxh6 gxh6 14. Qe3
Bd6 15. Qxh6 Be6 16. Re3 Re8 17. Rae1 Ng4 18. Qh7+ Kf8 19. Qh8+ Ke7 20. Rxe6+
Kd7 21. Rxe8 Qxe8 22. Bf5+ 1-0

[Event "Spiltan Fonder IM 2007"]
[Site "?"]
[Date "2007.08.12"]
[Round "2"]
[White "Nithander, Victor"]
[Black "Moberg, Karl Johan"]
[Result "1/2-1/2"]
[WhiteElo "2350"]
[BlackElo "2331"]
[PlyCount "79"]
[EventDate "2007.08.11"]
[SourceDate "2007.08.11"]

1. e4 e5 2. Nf3 Nc6 3. Bb5 a6 4. Ba4 Nf6 5. O-O b5 6. Bb3 Bc5 7. c3 d6 8. a4
Bb7 9. d4 Bb6 10. Bg5 exd4 11. cxd4 h6 12. Bxf6 Qxf6 13. Bd5 O-O 14. Nc3 b4 15.
Ne2 Na5 16. Bxb7 Nxb7 17. Qd2 Qe6 18. Qxb4 Qxe4 19. Nc3 Qf5 20. Rfe1 Na5 21.
Re2 Rab8 22. Rae1 Ba7 23. Qa3 Nc6 24. Qa2 Nxd4 25. Nxd4 Bxd4 26. Nd5 Kh8 27. b4
c6 28. Ne7 Qd7 29. Qc4 c5 30. bxc5 dxc5 31. Qxa6 Ra8 32. Qb5 Qa7 33. Ra2 Qa5
34. Qxa5 Rxa5 35. Nc6 Ra6 36. Nxd4 cxd4 37. Rd1 Rc8 38. g3 Rc4 39. a5 Rc5 40.
Rxd4 1/2-1/2

[Event "Spiltan Fonder IM 2007"]
[Site "?"]
[Date "2007.08.12"]
[Round "2"]
[White "Polej, Vladimir"]
[Black "Svensson, Bengt"]
[Result "1/2-1/2"]
[WhiteElo "2326"]
[BlackElo "2386"]
[PlyCount "73"]
[EventDate "2007.08.11"]
[SourceDate "2007.08.11"]

1. d4 d5 2. g3 Nf6 3. Bg2 c6 4. e3 Bf5 5. b3 e6 6. Bb2 Nbd7 7. Ne2 Bd6 8. O-O
Qe7 9. c4 O-O 10. Nbc3 Ba3 11. Bxa3 Qxa3 12. cxd5 cxd5 13. f3 Rac8 14. g4 Bg6
15. Rc1 Rc6 16. h4 h6 17. Bh3 Rfc8 18. g5 hxg5 19. hxg5 Nh7 20. f4 Bh5 21. Qd2
Qa5 22. Qb2 a6 23. Kf2 Qc7 24. Ng3 Rxc3 25. Rxc3 Qxc3 26. Qxc3 Rxc3 27. Nxh5
Rc2+ 28. Kf3 g6 29. Ng3 Rxa2 30. Rc1 Nhf8 31. Rc7 b5 32. Bf1 Rb2 33. Rc6 Nb8
34. Rc8 Nbd7 35. Rc6 Nb8 36. Rc8 Nbd7 37. Rc6 1/2-1/2

[Event "Spiltan Fonder IM 2007"]
[Site "?"]
[Date "2007.08.12"]
[Round "2"]
[White "Vas, Peter"]
[Black "Åkesson, Joel"]
[Result "1/2-1/2"]
[WhiteElo "2138"]
[BlackElo "2332"]
[PlyCount "120"]
[EventDate "2007.08.11"]
[SourceDate "2007.08.11"]

1. e4 e6 2. d4 d5 3. exd5 exd5 4. Bd3 Nc6 5. c3 Bd6 6. Qf3 Nf6 7. h3 O-O 8. Ne2
Re8 9. Bg5 Be7 10. Bxf6 Bxf6 11. O-O Ne7 12. Nf4 c6 13. Re1 Ng6 14. Rxe8+ Qxe8
15. Nxg6 hxg6 16. Qe3 Qxe3 17. fxe3 Bg5 18. Kf2 Bd7 19. Nd2 Re8 20. Re1 f5 21.
Nf3 Bf6 22. h4 Kf7 23. g3 Ke7 24. Re2 Kd6 25. b4 Ra8 26. Rb2 a5 27. b5 Rc8 28.
bxc6 Rxc6 29. Rxb7 Rxc3 30. Rb6+ Kc7 31. Rb3 Rc1 32. Rb1 Rxb1 33. Bxb1 a4 34.
Ne1 g5 35. hxg5 Bxg5 36. Nd3 a3 37. Ne5 Bc8 38. Ke2 Be7 39. Bc2 Bd6 40. Bb3 Be6
41. Kd3 Kb6 42. Kc3 Kb5 43. Kd3 Bc7 44. Kc2 g5 45. Kd3 Bd6 46. Kc2 Bb4 47. Kd1
Ba5 48. Ke2 Bc7 49. Kd3 Bd6 50. Kc2 Kb6 51. Kc3 Kc7 52. Kd3 Kb6 53. Kc3 Kc7 54.
Kd3 Kd8 55. Nf3 g4 56. Ne5 Kc7 57. Ke2 Kb6 58. Kf2 Kb5 59. Nd3 Ka5 60. Kg2 Kb5
1/2-1/2

[Event "Spiltan Fonder IM 2007"]
[Site "?"]
[Date "2007.08.13"]
[Round "3"]
[White "Svensson, Bengt"]
[Black "Vas, Peter"]
[Result "1-0"]
[WhiteElo "2386"]
[BlackElo "2138"]
[PlyCount "27"]
[EventDate "2007.08.11"]
[SourceDate "2007.08.11"]

1. e4 e5 2. Nf3 Nf6 3. d4 Nxe4 4. Bd3 d5 5. Nxe5 Nd7 6. Nxd7 Bxd7 7. O-O Be7 8.
Nc3 Nxc3 9. bxc3 Be6 10. Rb1 Rb8 11. Re1 Qd7 12. Qh5 g6 13. Qe5 Rg8 14. Bb5 1-0

[Event "Spiltan Fonder IM 2007"]
[Site "?"]
[Date "2007.08.13"]
[Round "3"]
[White "Åkesson, Joel"]
[Black "Nithander, Victor"]
[Result "1/2-1/2"]
[WhiteElo "2332"]
[BlackElo "2350"]
[PlyCount "61"]
[EventDate "2007.08.11"]
[SourceDate "2007.08.11"]

1. d4 Nf6 2. c4 g6 3. g3 c6 4. Bg2 d5 5. cxd5 cxd5 6. Nc3 Bg7 7. Nf3 O-O 8. Ne5
e6 9. Bg5 Qb6 10. Qd2 Nfd7 11. Be3 Nxe5 12. dxe5 Qb4 13. a3 Qb3 14. f4 Nc6 15.
O-O Na5 16. Bd4 Qc4 17. Qe3 Nb3 18. Rad1 Rd8 19. Qf2 Bf8 20. e3 Bd7 21. Bf3
Nxd4 22. exd4 Rdc8 23. Rc1 Qb3 24. Bd1 Qb6 25. Bf3 Rc4 26. Rfd1 Rac8 27. Ra1
Be7 28. Kh1 Kg7 29. Qd2 f5 30. Be2 R4c7 31. Rdc1 1/2-1/2

[Event "Spiltan Fonder IM 2007"]
[Site "?"]
[Date "2007.08.13"]
[Round "3"]
[White "Moberg, Karl Johan"]
[Black "Zimmerman, Julian"]
[Result "1/2-1/2"]
[WhiteElo "2331"]
[BlackElo "2327"]
[PlyCount "85"]
[EventDate "2007.08.11"]
[SourceDate "2007.08.11"]

1. d4 Nf6 2. c4 c5 3. d5 e6 4. Nc3 exd5 5. cxd5 d6 6. Nf3 g6 7. Bf4 a6 8. e4
Bg7 9. Qa4+ Bd7 10. Qb3 Bc8 11. a4 O-O 12. Be2 Qe7 13. Nd2 Nbd7 14. O-O Ne5 15.
Rfe1 Nfd7 16. Bg3 g5 17. Nf1 Re8 18. Ne3 Nf8 19. Bxe5 Bxe5 20. Bg4 Rb8 21. Bxc8
Rexc8 22. Nf5 Qf6 23. Nd1 Re8 24. Nde3 h5 25. Nc4 Ng6 26. Qb6 Nh4 27. Nxh4 gxh4
28. Ra3 Re7 29. Rf3 Qg6 30. Nxe5 Rxe5 31. Rfe3 Rbe8 32. Qxb7 Rg5 33. g3 hxg3
34. hxg3 h4 35. Kg2 hxg3 36. Rxg3 Rxe4 37. Rxe4 Qxe4+ 38. Kh2 Qf4 39. Kg2 Kg7
40. Rxg5+ Qxg5+ 41. Kf1 Qc1+ 42. Kg2 Qg5+ 43. Kf1 1/2-1/2

[Event "Spiltan Fonder IM 2007"]
[Site "?"]
[Date "2007.08.13"]
[Round "3"]
[White "Ask, Josef"]
[Black "Polej, Vladimir"]
[Result "1/2-1/2"]
[WhiteElo "2211"]
[BlackElo "2326"]
[PlyCount "184"]
[EventDate "2007.08.11"]
[SourceDate "2007.08.11"]

1. e4 g6 2. d4 Bg7 3. c3 c6 4. Bd3 d5 5. Nd2 Nh6 6. h3 f6 7. Ngf3 O-O 8. O-O
Nf7 9. Re1 a5 10. a4 Na6 11. b3 Re8 12. Ba3 e6 13. Qe2 Nc7 14. Bc5 dxe4 15.
Nxe4 f5 16. Ng3 Nd5 17. Qc2 b6 18. Ba3 Bb7 19. Rad1 Qc7 20. c4 Nf4 21. c5 Nxd3
22. Rxd3 Ba6 23. Rdd1 b5 24. Bb2 Rad8 25. axb5 cxb5 26. Qe2 Qc6 27. Nf1 b4 28.
Qc2 Bb7 29. N1h2 g5 30. Rd3 Qd5 31. Red1 Ba6 32. R3d2 h5 33. Nf1 Bxf1 34. Kxf1
g4 35. hxg4 hxg4 36. Ne5 Ng5 37. Nc4 Bf6 38. Ne3 Qe4 39. Qxe4 Nxe4 40. Rc2 Kf7
41. c6 Bg5 42. Ke2 Bxe3 43. Kxe3 Nf6 44. Ke2 Nd5 45. g3 Ra8 46. Ra1 Rec8 47.
Kd3 Ke7 48. Rc5 Kd6 49. Raxa5 Rxa5 50. Rxa5 Rxc6 51. Ra1 Nf6 52. Rc1 Ne4 53.
Rxc6+ Kxc6 54. Ke3 Kd5 55. Bc1 Nc3 56. Bd2 Nb5 57. Bxb4 Nxd4 58. Kf4 e5+ 59.
Kg5 Ke4 60. Bd6 Nxb3 61. Kf6 Nc1 62. Bxe5 Nd3 63. Bb8 Nxf2 64. Kg5 Nd3 65. Bc7
Nc5 66. Bb8 Nd7 67. Bc7 Ne5 68. Bb8 Nf3+ 69. Kg6 Nd4 70. Kg5 Ne6+ 71. Kg6 Nd4
72. Kg5 Kf3 73. Be5 Nc6 74. Bd6 Ke4 75. Bc7 Ne5 76. Bb8 Nf3+ 77. Kg6 Ng1 78.
Kg5 Nh3+ 79. Kh5 Kf3 80. Kh4 f4 81. gxf4 Nxf4 82. Kg5 Ne6+ 83. Kh4 Nd8 84. Bc7
Nc6 85. Bd6 Nd8 86. Bb8 Nc6 87. Bc7 Nd4 88. Bb8 Ne6 89. Bd6 Nd4 90. Bb8 g3 91.
Bxg3 Nf5+ 92. Kg5 Nxg3 1/2-1/2

[Event "Spiltan Fonder IM 2007"]
[Site "?"]
[Date "2007.08.13"]
[Round "3"]
[White "Krivonosov, Oleg"]
[Black "Vovk, Ilja"]
[Result "0-1"]
[WhiteElo "2437"]
[BlackElo "2304"]
[PlyCount "136"]
[EventDate "2007.08.11"]
[SourceDate "2007.08.11"]

1. Nf3 d5 2. d4 Nf6 3. c4 dxc4 4. e3 e6 5. Bxc4 c5 6. O-O a6 7. dxc5 Bxc5 8.
Qxd8+ Kxd8 9. Nbd2 Ke7 10. Be2 Rd8 11. Nb3 Bd6 12. Bd2 b6 13. Bc3 Bb7 14. Rfd1
Nbd7 15. Nbd2 b5 16. Ba5 Rdc8 17. a4 b4 18. Nc4 Bc5 19. Nfe5 Nxe5 20. Nxe5 Bd5
21. Nd3 Rab8 22. Nf4 Bd6 23. Rdc1 Bb3 24. Rxc8 Rxc8 25. Nd3 Bc4 26. Kf1 Bxd3
27. Bxd3 Nd5 28. g3 f5 29. e4 fxe4 30. Bxe4 Rc5 31. Bxd5 Rxd5 32. Bb6 Rd2 33.
Rb1 b3 34. Be3 Rc2 35. Bd4 e5 36. Re1 Ke6 37. Bc3 Kd5 38. Rd1+ Kc5 39. Ke1 g6
40. Rd2 Rc1+ 41. Rd1 Rxd1+ 42. Kxd1 Kc4 43. Ke2 e4 44. Ke3 Kd5 45. f4 exf3 46.
Kxf3 Bc5 47. Ke2 Ke4 48. h3 h5 49. Bf6 Be3 50. g4 h4 51. Bxh4 Bd4 52. Be7 Bxb2
53. h4 Bc3 54. Kd1 Bg7 55. h5 gxh5 56. gxh5 Bh6 57. Ba3 Kd3 58. Bb2 a5 59. Bf6
Kc4 60. Bb2 Kd3 61. Bf6 Kc4 62. Bb2 Kb4 63. Ke2 Kxa4 64. Kd3 Kb4 65. Ke2 Kc4
66. Bf6 a4 67. Bb2 Bg5 68. Kd1 Kd3 0-1

[Event "Spiltan Fonder IM 2007"]
[Site "?"]
[Date "2007.08.14"]
[Round "4"]
[White "Vovk, Ilja"]
[Black "Moberg, Karl Johan"]
[Result "1-0"]
[WhiteElo "2304"]
[BlackElo "2331"]
[PlyCount "59"]
[EventDate "2007.08.11"]
[SourceDate "2007.08.11"]

1. e4 e5 2. Nf3 Nc6 3. Bb5 a6 4. Ba4 Nf6 5. Qe2 b5 6. Bb3 Bc5 7. c3 d6 8. O-O
Bb7 9. d3 h6 10. Nh4 Bc8 11. Kh1 Bg4 12. f3 Be6 13. Bxe6 fxe6 14. Ng6 Rg8 15.
f4 Qd7 16. b4 Bb6 17. a4 Rd8 18. axb5 axb5 19. Na3 Qf7 20. f5 exf5 21. exf5 Ne7
22. d4 Nxg6 23. fxg6 Qxg6 24. Qxb5+ Kf7 25. dxe5 dxe5 26. Nc4 Qh5 27. Nxe5+ Ke6
28. Bf4 Nd5 29. Rae1 Nxf4 30. Nc4+ 1-0

[Event "Spiltan Fonder IM 2007"]
[Site "?"]
[Date "2007.08.14"]
[Round "4"]
[White "Ask, Josef"]
[Black "Krivonosov, Oleg"]
[Result "0-1"]
[WhiteElo "2211"]
[BlackElo "2437"]
[PlyCount "74"]
[EventDate "2007.08.11"]
[SourceDate "2007.08.11"]

1. d4 Nf6 2. c4 e6 3. Nc3 d5 4. Bg5 Be7 5. e3 Nbd7 6. Nf3 h6 7. Bh4 O-O 8. Qc2
c5 9. Rd1 Qa5 10. Nd2 cxd4 11. Nb3 Qb6 12. Nxd4 dxc4 13. Bxc4 Ne5 14. Be2 Bd7
15. O-O Rac8 16. Qb3 Ng6 17. Qxb6 axb6 18. Bg3 Bb4 19. Bf3 Bxc3 20. bxc3 e5 21.
Nb3 Bc6 22. Be2 Ne4 23. Rc1 Ra8 24. Rc2 Ra3 25. c4 Rfa8 26. Nc1 Rd8 27. Rb2 Rc3
28. Rxb6 Rd2 29. Bg4 Rxc4 30. Bc8 h5 31. f3 Rcc2 32. Bh3 Ng5 33. Bf5 Rxg2+ 34.
Kh1 h4 35. Bxc2 Rxc2 36. e4 hxg3 37. hxg3 Nxf3 0-1

[Event "Spiltan Fonder IM 2007"]
[Site "?"]
[Date "2007.08.14"]
[Round "4"]
[White "Polej, Vladimir"]
[Black "Vas, Peter"]
[Result "1/2-1/2"]
[WhiteElo "2326"]
[BlackElo "2138"]
[PlyCount "118"]
[EventDate "2007.08.11"]
[SourceDate "2007.08.11"]

1. c4 e5 2. g3 Nf6 3. Bg2 d5 4. cxd5 Nxd5 5. Nc3 Nb6 6. Nf3 Nc6 7. O-O Be7 8.
a3 O-O 9. b4 Be6 10. b5 Nd4 11. Rb1 f6 12. Nxd4 exd4 13. Na4 Bd5 14. Nxb6 axb6
15. Bxd5+ Qxd5 16. Qb3 Qxb3 17. Rxb3 Bc5 18. Bb2 Ra4 19. Kg2 Kf7 20. e3 dxe3
21. fxe3 Rfa8 22. Rf4 Ke6 23. Rxa4 Rxa4 24. d4 Bd6 25. e4 Rc4 26. Kf3 Rc2 27.
h4 h5 28. Bc3 Rc1 29. Bd2 Rf1+ 30. Ke2 Ra1 31. Bf4 Ra2+ 32. Kf3 Kd7 33. e5 fxe5
34. Bxe5 Bxe5 35. dxe5 Ke6 36. Kf4 Rf2+ 37. Kg5 Rf5+ 38. Kg6 Rxe5 39. a4 Kd5
40. Kxg7 Kc4 41. Rb1 Re3 42. Kg6 Rxg3+ 43. Kxh5 Kc3 44. Kh6 Kc2 45. Rb4 Kc3 46.
Rf4 Kb3 47. h5 c5 48. bxc6 bxc6 49. Rf6 Kxa4 50. Rxc6 b5 51. Ra6+ Kb3 52. Kh7
b4 53. Rg6 Rh3 54. h6 Ka2 55. Ra6+ Kb1 56. Kg7 b3 57. h7 b2 58. Rh6 Rxh6 59.
Kxh6 Kc2 1/2-1/2

[Event "Spiltan Fonder IM 2007"]
[Site "?"]
[Date "2007.08.14"]
[Round "4"]
[White "Nithander, Victor"]
[Black "Svensson, Bengt"]
[Result "1/2-1/2"]
[WhiteElo "2350"]
[BlackElo "2386"]
[PlyCount "197"]
[EventDate "2007.08.11"]
[SourceDate "2007.08.11"]

1. e4 c5 2. Nf3 d6 3. d4 cxd4 4. Nxd4 Nf6 5. Nc3 a6 6. Be2 e6 7. O-O Be7 8. a4
Nc6 9. Be3 O-O 10. f4 Qc7 11. Qd2 Bd7 12. Nb3 b6 13. Bf3 Rab8 14. Kh1 Na5 15.
Nxa5 bxa5 16. e5 dxe5 17. fxe5 Ne8 18. Nd1 Rb4 19. Rf2 Rxa4 20. Rxa4 Bxa4 21.
Qc3 Bb4 22. Qxc7 Nxc7 23. b3 Bd7 24. c3 Be7 25. Rd2 Nd5 26. c4 Nxe3 27. Rxd7
Nxd1 28. Rxe7 Nf2+ 29. Kg1 Nd3 30. Rc7 Rb8 31. c5 a4 32. c6 a3 33. Ra7 a2 34.
Rxa6 Nb4 35. Ra4 g6 36. Kf2 Nd3+ 37. Kg3 Nxe5 38. Rxa2 Nxc6 39. Bxc6 Rxb3+ 40.
Bf3 Kg7 41. Kf4 Kf6 42. Ke4 Rb4+ 43. Ke3 Rc4 44. Kd3 Rb4 45. Ra7 Kg7 46. Bc6
Kf8 47. Ra4 Rb6 48. Bf3 Kg7 49. Kd4 Rb5 50. Ra7 Rf5 51. Rc7 Rb5 52. Rc5 Rb1 53.
Ke5 Re1+ 54. Kd6 Kf6 55. Rc4 Ra1 56. Rf4+ Kg7 57. Bc6 Ra6 58. Ra4 Rb6 59. Kc7
Rb2 60. Kd7 Rc2 61. Bf3 Kf8 62. Ra8+ Kg7 63. Ra7 Kf8 64. Ra8+ Kg7 65. Rc8 Ra2
66. Ke8 Ra7 67. Rd8 Rc7 68. Rd7 Rc8+ 69. Ke7 Rc4 70. Bb7 Rf4 71. Rc7 Rb4 72.
Ke8 Rf4 73. Rc2 Rb4 74. Bc6 Rf4 75. Ke7 Rf5 76. Rc3 Ra5 77. Rf3 Ra7+ 78. Bd7
Kg8 79. Rf2 Rb7 80. h3 Ra7 81. g4 Rb7 82. h4 Ra7 83. h5 gxh5 84. gxh5 Kg7 85.
Rxf7+ Kh6 86. Kf6 Rb7 87. Re7 Ra7 88. Kxe6 Kg5 89. Be8 Ra8 90. Ke5 Ra1 91. Ke6
Ra6+ 92. Kd5 Kh6 93. Re2 Rf6 94. Re5 Rf2 95. Bb5 Rf6 96. Be2 Kg7 97. Re7+ Kh6
98. Ke5 Rf5+ 99. Kxf5 1/2-1/2

[Event "Spiltan Fonder IM 2007"]
[Site "?"]
[Date "2007.08.14"]
[Round "4"]
[White "Zimmerman, Julian"]
[Black "Åkesson, Joel"]
[Result "1-0"]
[WhiteElo "2327"]
[BlackElo "2332"]
[PlyCount "137"]
[EventDate "2007.08.11"]
[SourceDate "2007.08.11"]

1. e4 e6 2. Nf3 d5 3. Nc3 Nf6 4. e5 Ne4 5. Ne2 Bc5 6. d4 Be7 7. Ng3 c5 8. Bd3
Nxg3 9. hxg3 h6 10. dxc5 Bxc5 11. g4 Nc6 12. Qe2 Qc7 13. c3 Bd7 14. g5 O-O-O
15. gxh6 gxh6 16. Be3 Be7 17. O-O-O Nxe5 18. Nxe5 Qxe5 19. Bxa7 Qxe2 20. Bxe2
Bg5+ 21. Be3 Bxe3+ 22. fxe3 Rhg8 23. Bf3 Bc6 24. Rh4 Kc7 25. Rdh1 Rg6 26. g4 e5
27. R1h3 e4 28. Be2 Bd7 29. Rh2 Be6 30. Kd2 Kd7 31. a4 Ke7 32. b4 b6 33. Rh1
Ra8 34. Bd1 Bd7 35. b5 Rh8 36. c4 dxc4 37. Kc3 Be6 38. Be2 Kf6 39. Rd1 Kg7 40.
Rd6 Rb8 41. Rc6 Ra8 42. Kb4 Bd5 43. Rc7 Rd6 44. Rh1 Be6 45. Bxc4 Bxc4 46. Rxc4
Rd2 47. Rxe4 Rb2+ 48. Kc3 Rg2 49. Rf1 Rc8+ 50. Kb3 Rc7 51. Rff4 Re2 52. Rf5 Rg2
53. Rd5 Rc1 54. Rd3 Rb1+ 55. Kc4 Rc1+ 56. Kd5 Rc5+ 57. Kd6 Kf8 58. Kd7 Rgc2 59.
Kd6 Rg2 60. Rd5 Rc8 61. Rdd4 Rgc2 62. Ke5 Rf2 63. Rc4 Rd8 64. Red4 Re8+ 65. Kd6
Rf6+ 66. Kc7 Re7+ 67. Rd7 Rxe3 68. a5 bxa5 69. b6 1-0

[Event "Spiltan Fonder IM 2007"]
[Site "?"]
[Date "2007.08.15"]
[Round "5"]
[White "Svensson, Bengt"]
[Black "Zimmerman, Julian"]
[Result "1-0"]
[WhiteElo "2386"]
[BlackElo "2327"]
[PlyCount "43"]
[EventDate "2007.08.11"]
[SourceDate "2007.08.11"]

1. e4 c5 2. Nf3 d6 3. d4 cxd4 4. Nxd4 Nf6 5. Nc3 a6 6. Bg5 e6 7. f4 Qb6 8. Qd2
Be7 9. e5 Ng8 10. exd6 Qxd6 11. Bxe7 Qxe7 12. O-O-O Bd7 13. g3 Nc6 14. Bg2
O-O-O 15. Bxc6 bxc6 16. Rhe1 Nh6 17. Qd3 Kb7 18. Qc4 c5 19. Nb3 Ka7 20. Re5 Nf5
21. Rxc5 Rc8 22. g4 1-0

[Event "Spiltan Fonder IM 2007"]
[Site "?"]
[Date "2007.08.15"]
[Round "5"]
[White "Krivonosov, Oleg"]
[Black "Polej, Vladimir"]
[Result "1-0"]
[WhiteElo "2437"]
[BlackElo "2326"]
[PlyCount "63"]
[EventDate "2007.08.11"]
[SourceDate "2007.08.11"]

1. d4 g6 2. c4 Bg7 3. Nf3 d6 4. Nc3 Nc6 5. d5 Ne5 6. Nxe5 Bxe5 7. e4 c5 8. Bd3
e6 9. Be3 Ne7 10. Qd2 a6 11. O-O Bg7 12. Bh6 O-O 13. Bxg7 Kxg7 14. f4 e5 15.
fxe5 dxe5 16. Qf2 Qd6 17. Na4 b6 18. b4 Bd7 19. bxc5 bxc5 20. Qxc5 Nc8 21. Qxd6
Nxd6 22. Nb6 Ra7 23. Nxd7 Rxd7 24. c5 Nb5 25. c6 Rd6 26. Bxb5 axb5 27. Rab1 Rb8
28. Rfc1 f5 29. c7 Rc8 30. Rxb5 Rd7 31. d6 Rxd6 32. Rb8 1-0

[Event "Spiltan Fonder IM 2007"]
[Site "?"]
[Date "2007.08.15"]
[Round "5"]
[White "Åkesson, Joel"]
[Black "Vovk, Ilja"]
[Result "1/2-1/2"]
[WhiteElo "2332"]
[BlackElo "2304"]
[PlyCount "127"]
[EventDate "2007.08.11"]
[SourceDate "2007.08.11"]

1. d4 d5 2. Nf3 Nf6 3. c4 dxc4 4. e3 e6 5. Bxc4 c5 6. O-O a6 7. a4 Nc6 8. Qe2
Qc7 9. Nc3 Bd6 10. Bd2 cxd4 11. exd4 O-O 12. Rac1 Qb6 13. Rfd1 Na5 14. b3 Bd7
15. Bg5 Nd5 16. Nxd5 exd5 17. Bxd5 Bf5 18. Qa2 h6 19. Be3 Rad8 20. Ne5 Bb4 21.
Nc4 Qf6 22. Bf3 Nc6 23. d5 Ne5 24. Nxe5 Qxe5 25. Rc4 a5 26. Bd4 Qe7 27. Qa1 Qg5
28. h4 Qg6 29. h5 Qg5 30. Be3 Qe7 31. Qd4 Rfe8 32. Bf4 Bd6 33. Bxd6 Rxd6 34.
Qf4 Bh7 35. Qd2 Qd8 36. Re1 Rxe1+ 37. Qxe1 Bf5 38. Qe5 Qd7 39. Qc3 Qd8 40. Qe3
Qd7 41. Qa7 b6 42. Qb8+ Qd8 43. Qxd8+ Rxd8 44. Rc6 Rb8 45. Rc7 Kf8 46. g4 Bc8
47. Kg2 Ke8 48. Kg3 Bd7 49. Be2 Rc8 50. Rxc8+ Bxc8 51. Kf4 Ke7 52. Bc4 f6 53.
f3 Kd6 54. Ke4 Bd7 55. Ba6 Kc5 56. Bb7 Kd6 57. Bc6 Bc8 58. Be8 Ke7 59. Bg6 Kd6
60. Bf5 Bb7 61. Be6 Ba6 62. Kd4 Be2 63. f4 Bd1 64. Kc4 1/2-1/2

[Event "Spiltan Fonder IM 2007"]
[Site "?"]
[Date "2007.08.16"]
[Round "6"]
[White "Ask, Josef"]
[Black "Åkesson, Joel"]
[Result "1-0"]
[WhiteElo "2211"]
[BlackElo "2332"]
[PlyCount "71"]
[EventDate "2007.08.11"]
[SourceDate "2007.08.11"]

1. e4 e6 2. d4 d5 3. Nd2 Nf6 4. e5 Nfd7 5. Ngf3 c5 6. c3 Nc6 7. Bd3 Qb6 8. O-O
g6 9. dxc5 Nxc5 10. Nb3 Nxd3 11. Qxd3 Bg7 12. Bf4 O-O 13. Qd2 Qc7 14. Rfe1 b6
15. h4 h5 16. Nbd4 Re8 17. Nxc6 Qxc6 18. Nd4 Qd7 19. Re3 Ba6 20. Rae1 Qe7 21.
Bg5 Qc7 22. Qd1 Kh7 23. g4 hxg4 24. Qxg4 Rh8 25. h5 gxh5 26. Qxh5+ Kg8 27. Qg4
Rh7 28. Bf6 Kh8 29. Rh3 Rg8 30. Ree3 Qc4 31. Kh2 Qf1 32. Rxh7+ Kxh7 33. Rh3+
Bh6 34. Rxh6+ Kxh6 35. Qh4+ Kg6 36. Qg5+ 1-0

[Event "Spiltan Fonder IM 2007"]
[Site "?"]
[Date "2007.08.16"]
[Round "6"]
[White "Polej, Vladimir"]
[Black "Nithander, Victor"]
[Result "0-1"]
[WhiteElo "2326"]
[BlackElo "2350"]
[PlyCount "74"]
[EventDate "2007.08.11"]
[SourceDate "2007.08.11"]

1. e4 c5 2. Na3 d6 3. c3 Nf6 4. Nf3 Bd7 5. e5 dxe5 6. Nxe5 Nc6 7. Nxd7 Qxd7 8.
Bb5 a6 9. Qa4 Rc8 10. Be2 e6 11. O-O Be7 12. d3 O-O 13. Qh4 b5 14. Nc2 Nd5 15.
Qh3 Bf6 16. Be3 Qd6 17. Qg3 Qxg3 18. hxg3 b4 19. Bxc5 bxc3 20. bxc3 Nxc3 21.
Bf3 Rfd8 22. d4 Nxd4 23. Bxd4 Bxd4 24. Nxd4 Rxd4 25. Bb7 Rc7 26. Bxa6 Rd6 27.
Rfb1 Nxb1 28. Rxb1 g6 29. Bb5 Rd2 30. a4 Ra2 31. g4 Rcc2 32. Rf1 h6 33. g3 Kg7
34. Kg2 Kf6 35. Be8 e5 36. Kf3 e4+ 37. Ke3 Ke5 0-1

[Event "Spiltan Fonder IM 2007"]
[Site "?"]
[Date "2007.08.16"]
[Round "6"]
[White "Krivonosov, Oleg"]
[Black "Moberg, Karl Johan"]
[Result "1/2-1/2"]
[WhiteElo "2437"]
[BlackElo "2331"]
[PlyCount "115"]
[EventDate "2007.08.11"]
[SourceDate "2007.08.11"]

1. Nf3 Nf6 2. c4 g6 3. Nc3 d5 4. cxd5 Nxd5 5. Qa4+ Bd7 6. Qh4 Nxc3 7. dxc3 Nc6
8. e4 e5 9. Bg5 Be7 10. Bc4 h6 11. Bxe7 Qxe7 12. Qg3 O-O-O 13. O-O g5 14. Rfd1
f6 15. Nd2 Be6 16. b3 Rd6 17. Bxe6+ Qxe6 18. Nc4 Rxd1+ 19. Rxd1 Rd8 20. Qf3 Ne7
21. g3 Rxd1+ 22. Qxd1 Qf7 23. Qf3 Qg6 24. Qg4+ Kd8 25. Ne3 Qf7 26. Qh3 h5 27.
Qf1 c6 28. Qc1 Kc7 29. Qd1 Qg6 30. Qd3 Qf7 31. Qe2 Nc8 32. Nf5 Nd6 33. Nxd6
Kxd6 34. Qe3 b6 35. Qd3+ Kc7 36. Qa6 Kb8 37. Qa3 Kb7 38. Qd6 b5 39. Kg2 g4 40.
h3 Qg6 41. f3 gxf3+ 42. Kxf3 Qg5 43. Qd7+ Kb6 44. Qd3 Kb7 45. Qe3 a5 46. Ke2
Ka6 47. Kd3 Kb7 48. Kd2 Ka6 49. Ke2 Kb7 50. Kf2 Ka6 51. Kf3 Kb7 52. Ke2 Ka6 53.
Kf2 Kb7 54. Kf3 Ka6 55. Qc5 Kb7 56. Qe7+ Kb6 57. Qd8+ Kb7 58. Qd7+ 1/2-1/2